[Event "Asian Cities-chT"]
[Site "Khanty-Mansiysk"]
[Date "2024.04.24"]
[Round "4.1"]
[White "Chaulagain, Purushottam"]
[Black "Malygin, Vladislav"]
[Result "1/2-1/2"]
[WhiteElo "1906"]
[BlackElo "2268"]
[PlyCount "69"]
[EventDate "2024.04.21"]
[EventType "team-swiss"]
[EventRounds "9"]
[EventCountry "RUS"]
[SourceTitle "CB18_2024"]
[SourceDate "2024.05.01"]
[SourceVersion "1"]
[SourceVersionDate "2024.05.01"]
[SourceQuality "2"]
[WhiteTeam "Kathmandu"]
[BlackTeam "Pavlodar"]
[WhiteTeamCountry "NEP"]
[BlackTeamCountry "KAZ"]

1. d4 Nf6 2. Nc3 d5 3. Bf4 a6 4. e3 e6 5. g4 Bb4 6. Nge2 Ne4 7. Bg2 Nxc3 8. Nxc3 Nd7 9. Qd3 c5 10. dxc5 Bxc5 11. Bg3 0-0 12. 0-0-0 Qg5 13. Qe2 Bb4 14. h4 Qe7 15. Qd3 Bd6 16. e4 Nc5 17. Qe3 Bxg3 18. Qxg3 Nxe4 19. Nxe4 dxe4 20. Bxe4 e5 21. g5 Kh8 22. Rd5 f6 23. Rhd1 Be6 24. Rd6 Rac8 25. Kb1 Rc7 26. c3 b5 27. Rxa6 b4 28. gxf6 gxf6 29. cxb4 Qxb4 30. Qf3 Qe7 31. Rdd6 Qg7 32. Qg3 Qh6 33. Qe3 Qg7 34. b3 Bd7 35. Kb2 1/2-1/2

[Event "Kazakhstan Cup"]
[Site "Astana"]
[Date "2023.04.27"]
[Round "6"]
[White "Malygin, Vladislav"]
[Black "Sethuraman, SP."]
[Result "0-1"]
[WhiteElo "2098"]
[BlackElo "2639"]
[PlyCount "112"]
[EventDate "2023.04.23"]
[EventType "swiss"]
[EventRounds "9"]
[EventCountry "KAZ"]
[SourceTitle "CBM 213 Extra"]
[Source "ChessBase"]
[SourceDate "2023.05.31"]
[SourceVersion "1"]
[SourceVersionDate "2023.05.31"]
[SourceQuality "1"]

1. d4 d6 2. e4 g6 3. Nc3 Bg7 4. Nf3 a6 5. a4 Nf6 6. Be2 0-0 7. 0-0 Nc6 8. h3 e5 9. dxe5 dxe5 10. Bg5 Be6 11. Qc1 Qd6 12. Rd1 Qc5 13. Be3 Qa5 14. Ng5 Nd4 15. Nxe6 fxe6 16. Bc4 Kh8 17. f3 Ne8 18. Kh1 Nd6 19. Bf1 c5 20. Nb1 c4 21. Nd2 c3 22. Nb3 Qb4 23. bxc3 Qxc3 24. Rd3 Qxc2 25. Nxd4 Qxc1 26. Rxc1 exd4 27. Bxd4 Bxd4 28. Rxd4 Rad8 29. Kg1 Kg7 30. Rc7+ Rf7 31. Rc1 Rfd7 32. e5 Nf5 33. Rb4 Ne3 34. Be2 Kh6 35. Rcb1 Rd2 36. Kf2 Nd5 37. Rc4 b6 38. h4 Ra2 39. g3 a5 40. Rd1 Kg7 41. f4 Rb8 42. Kf3 b5 43. axb5 Rxb5 44. Rc6 Rb3+ 45. Rd3 Rxd3+ 46. Bxd3 Ra3 47. Ke4 Rxd3 48. Rxe6 Rd1 49. Rc6 a4 50. Ra6 Nc3+ 51. Ke3 h5 52. Ra7+ Kf8 53. e6 Rd5 54. Rf7+ Ke8 55. Ra7 Rd6 56. e7 Rd7 0-1

[Event "Aktobe Dvorkovich Rapid op"]
[Site "Aktobe"]
[Date "2022.06.21"]
[Round "5"]
[White "Malygin, Vladislav"]
[Black "Kuderinov, Kirill"]
[Result "1/2-1/2"]
[WhiteElo "1987"]
[BlackElo "2409"]
[PlyCount "96"]
[EventDate "2022.06.21"]
[EventType "swiss (rapid)"]
[EventRounds "9"]
[EventCountry "KAZ"]
[SourceTitle "CBM 209 Extra"]
[Source "ChessBase"]
[SourceDate "2022.09.30"]
[SourceVersion "1"]
[SourceVersionDate "2022.09.30"]
[SourceQuality "1"]

1. d4 Nf6 2. Nf3 b6 3. Bf4 Bb7 4. e3 e6 5. h3 Be7 6. c3 d6 7. Bd3 Nbd7 8. Nbd2 c5 9. Bh2 0-0 10. Nc4 Ne8 11. 0-0 b5 12. Ncd2 c4 13. Bc2 f5 14. Qe2 d5 15. Ne5 Nxe5 16. Bxe5 Bd6 17. f4 a5 18. Nf3 Bxe5 19. fxe5 b4 20. Rf2 g6 21. Raf1 Qe7 22. h4 Ng7 23. Ng5 h6 24. Nf3 Nh5 25. Rb1 a4 26. cxb4 Qxb4 27. Qd2 Qxd2 28. Rxd2 Kf7 29. b3 axb3 30. axb3 c3 31. Rdd1 Ng3 32. Re1 Ra2 33. Kh2 Ne4 34. Bxe4 dxe4 35. Ng1 Ba6 36. Ra1 Rxa1 37. Rxa1 c2 38. Nh3 Rb8 39. Rc1 Bd3 40. Nf4 Rxb3 41. Ra1 Rb1 42. Ra7+ Ke8 43. Ra8+ Kd7 44. Ra7+ Kc6 45. Nxe6 Bc4 46. Rc7+ Kb5 47. Rc5+ Kb4 48. d5 c1Q 1/2-1/2

[Event "Ismagambetov Memorial 1st"]
[Site "Chess.com INT"]
[Date "2020.06.26"]
[Round "1"]
[White "Malygin, Vladislav"]
[Black "Grachev, Boris V"]
[Result "1-0"]
[WhiteElo "1868"]
[BlackElo "2612"]
[PlyCount "77"]
[EventDate "2020.06.26"]
[EventType "swiss (blitz)"]
[EventRounds "11"]
[EventCountry "KAZ"]
[SourceTitle "CBM 197 Extra"]
[Source "ChessBase"]
[SourceDate "2020.09.30"]
[SourceVersion "1"]
[SourceVersionDate "2020.09.30"]
[SourceQuality "1"]

1. d4 Nf6 2. c4 b6 3. Nf3 Bb7 4. g3 g6 5. Bg2 Bg7 6. 0-0 0-0 7. Nc3 Ne4 8. Qd3 Nxc3 9. bxc3 Nc6 10. e4 Na5 11. Be3 d6 12. Nd2 Ba6 13. f4 Qd7 14. f5 Qa4 15. Rf4 Nxc4 16. Nxc4 Qxc4 17. Qd2 e5 18. Bf1 Qa4 19. Rh4 f6 20. Bh6 Rf7 21. fxg6 hxg6 22. Bxg7 Rxg7 23. Qh6 Rf8 24. Bxa6 Qxa6 25. Rf1 Qc8 26. dxe5 dxe5 27. Rxf6 Rxf6 28. Qh8+ Kf7 29. Qxc8 g5 30. Rh5 a5 31. Rh8 Kg6 32. Rf8 Rgf7 33. Rg8+ Kh6 34. Rh8+ Kg6 35. Qg8+ Rg7 36. Qe8+ Rgf7 37. Rf8 g4 38. Rxf7 Rxf7 39. Qxe5 1-0

[Event "Almaty op"]
[Site "Almaty"]
[Date "2019.10.13"]
[Round "8"]
[White "Kairbekova, Amina"]
[Black "Malygin, Vladislav"]
[Result "1/2-1/2"]
[WhiteElo "2096"]
[BlackElo "1995"]
[PlyCount "57"]
[EventDate "2019.10.07"]
[EventType "swiss"]
[EventRounds "9"]
[EventCountry "KAZ"]
[SourceTitle "EXT 2020"]
[Source "ChessBase"]
[SourceDate "2019.10.17"]
[SourceVersion "1"]
[SourceVersionDate "2019.10.17"]
[SourceQuality "1"]

1. e4 e5 2. Nf3 Nc6 3. Bc4 Bc5 4. c3 Nf6 5. d4 exd4 6. e5 d5 7. Be2 Ne4 8. cxd4 Be7 9. 0-0 0-0 10. Nc3 f6 11. Be3 fxe5 12. dxe5 Nxc3 13. bxc3 Bg4 14. h3 Bh5 15. Nd4 Nxd4 16. cxd4 Bxe2 17. Qxe2 Qd7 18. f4 Rac8 19. g4 c5 20. Qf2 cxd4 21. Bxd4 Qa4 22. Rfd1 Rc2 23. Qf3 Qc4 24. f5 Bc5 25. Bxc5 Qxc5+ 26. Kh1 d4 27. Re1 Rc3 28. Qg2 Rc2 29. Qf3 1/2-1/2

[Event "Pardubice op rapid 30th"]
[Site "Pardubice"]
[Date "2019.07.17"]
[Round "3"]
[White "Malygin, Vladislav"]
[Black "Valenta, Vit"]
[Result "1-0"]
[WhiteElo "1855"]
[BlackElo "2147"]
[PlyCount "93"]
[EventDate "2019.07.17"]
[EventType "swiss (rapid)"]
[EventRounds "9"]
[EventCountry "CZE"]
[SourceTitle "CBM 191 Extra"]
[Source "ChessBase"]
[SourceDate "2019.09.30"]
[SourceVersion "1"]
[SourceVersionDate "2019.09.30"]
[SourceQuality "1"]

1. c4 e5 2. Nc3 Nf6 3. g3 g6 4. Bg2 Bg7 5. e3 Nc6 6. Nge2 0-0 7. 0-0 d6 8. d4 Rb8 9. b3 exd4 10. exd4 Bg4 11. Bb2 Re8 12. Re1 Qd7 13. Qd2 Bh3 14. Nf4 Bxg2 15. Kxg2 Ne7 16. Re2 Nf5 17. Rae1 Rxe2 18. Rxe2 Re8 19. d5 a6 20. f3 h6 21. Ne4 Nxe4 22. fxe4 Ne7 23. Bxg7 Kxg7 24. Qd4+ f6 25. Ne6+ Kf7 26. Rf2 Ng8 27. b4 b6 28. c5 bxc5 29. bxc5 dxc5 30. Nxc5 Qd6 31. Nd3 Kg7 32. Rc2 Re7 33. Nf4 g5 34. Nd3 Kg6 35. Nc5 Re5 36. Nd3 Re7 37. Nb4 a5 38. Nc6 Re8 39. Nxa5 Ne7 40. Nb7 Qa3 41. Nc5 Rd8 42. Ne6 Rd7 43. Nxc7 Qd6 44. Ne8 Qa6 45. Rf2 Ng8 46. e5 fxe5 47. Qe4+ 1-0

[Event "Pavlodar op"]
[Site "Pavlodar"]
[Date "2017.11.21"]
[Round "1"]
[White "Malygin, Vladislav"]
[Black "Sisabayev, Kuanysh"]
[Result "0-1"]
[WhiteElo "1620"]
[BlackElo "2279"]
[PlyCount "70"]
[EventDate "2017.11.21"]
[EventType "swiss"]
[EventRounds "9"]
[EventCountry "KAZ"]
[SourceTitle "EXT 2019"]
[Source "ChessBase"]
[SourceDate "2018.10.10"]
[SourceVersion "1"]
[SourceVersionDate "2018.10.10"]
[SourceQuality "1"]

1. e4 c5 2. Nf3 e6 3. d4 cxd4 4. Nxd4 a6 5. c4 Qc7 6. Nc3 Nf6 7. Be2 b6 8. Be3 Bb7 9. Qc2 Bb4 10. f3 0-0 11. 0-0 d5 12. cxd5 exd5 13. Bd3 Bxc3 14. bxc3 dxe4 15. fxe4 Nbd7 16. Nf5 Ng4 17. Bf4 Nge5 18. Rae1 Nc5 19. Bc4 Ne6 20. Bxe6 fxe6 21. Nh4 Qc5+ 22. Kh1 Rae8 23. Be3 Qc4 24. Nf3 Bxe4 25. Qb3 Bxf3 26. gxf3 b5 27. Qxc4 Nxc4 28. Kg2 Rf5 29. Bd4 Kf7 30. f4 Rd5 31. Ra1 Na3 32. Rf2 Rc8 33. Rd1 Nc4 34. Rb1 Rc7 35. Rd1 Ne3+ 0-1